000
00242nam a2200097Ia 4500
008
170620s9999 xx 000 0 und d
100
_a
Sukla- C.S.
245
0
_a
School Sawastha Vigyan
260
_b
Meerut; International Publishing House
260
_c
2008
300
_a
264
999
_c
28227
_d
28227